Buenos Aires City Subway Map - Statistics

General Stats
  • This quiz has been taken 54 times
  • The average score is 57 of 108
Answers on the Map
Answers color-coded by a green-red scale on the quiz's map according to % correct below.
 
Answer Stats
Stations % Correct
Palermo
93%
Retiro
90%
Callao
83%
Callao (D)
83%
Congreso
83%
Congreso de Tucumán
83%
Facultad de Medicina
83%
Juan Manuel de Rosas
83%
Pueyrredón
83%
Constitución
80%
Córdoba
80%
Plaza Italia
80%
Tribunales
80%
9 de Julio
78%
Facultad de Derecho
78%
Hospitales
78%
Santa Fe - Carlos Jáuregui
78%
Uruguay
78%
Catedral
76%
Federico Lacroze
76%
Juramento
76%
Scalabrini Ortiz
76%
Aguero
73%
Bulnes
73%
Corrientes
73%
General San Martín
73%
Las Heras
73%
Leandro N. Alem
73%
Once
73%
Florida
71%
Independencia
71%
Independencia (E)
71%
Plaza Miserere
71%
San Juan
71%
Diagonal Norte
68%
Plaza de Mayo
68%
San Pedrito
68%
Belgrano
66%
Carlos Gardel
66%
Catalinas
66%
Dorrego
66%
José Hernández
66%
Los Incas - Parque Chas
66%
Ministro Carranza
66%
Pasteur - AMIA
66%
Boedo
63%
Carlos Pellegrini
63%
Correo Central
63%
Lavalle
63%
Olleros
63%
Perú
63%
San José
63%
Entre Ríos - Rodolfo Walsh
61%
Medrano
61%
Avenida de Mayo
59%
Echeverría
59%
Lima
59%
Malabia - Osvaldo Pugliese
59%
Piedras
59%
Tronador - Villa Ortúzar
59%
Ángel Gallardo
56%
Carabobo
56%
Puan
54%
Venezuela
54%
Bolívar
49%
Moreno
49%
Pasco
49%
Primera Junta
49%
Río de Janeiro
49%
Alberti
46%
Humberto I
46%
Saenz Peña
46%
Acoyte
44%
Caseros
44%
Inclán
44%
Parque Patricios
44%
Plaza de los Virreyes
44%
General Urquiza
41%
Loria
41%
Avenida La Plata
39%
Castro Barros
39%
San José de Flores
37%
Medalla Milagrosa
34%
Pichincha
34%
Jujuy
32%
Emilio Mitre
29%
José María Moreno
27%
Varela
22%
Centro Cívico Villa Lugano
5%
Escalada
5%
General Savio
5%
Parque de la Ciudad
5%
Pola
5%
Ana Díaz
2%
Gabino Ezeiza
2%
Intendente Saguier
2%
Larrazábal
2%
Nicolás Descalzi
2%
Ana María Janer
0%
Balbastro
0%
Cecilia Grierson
0%
Fernández de la Cruz
0%
Mariano Acosta
0%
Nuestra Señora de Fátima
0%
Presidente Illia - Lacarra
0%
Somellera
0%
No matching quizzes found
Score Distribution
Percent of People with Each Score
Percentile by Number Answered
Your Score History
You have not taken this quiz